000 00328pab a2200133 454500
008 180718b xxu||||| |||| 00| 0 eng d
100 _aOommen M.A.
245 _aBudget: little for the poor
362 _a5 Apr 1994, p.11
650 _a Budget -- India
650 _aFinance -- India
773 _aHindustan Times
909 _a26752
999 _c26752
_d26752